zpět

Detail výsledku týmu

Sportivo Bar - Zbraslav, Praha

Datum a čas kvízu

27.5 Celkem bodů Celkový počet nahraných bodů na tomto kvízu bez doplňovacích otázek.
6. Pořadí na kvízu Konečné umístění týmu na tomto kvízu.

Zaznamenané odpovědi

# Otázka Odpověď Body Výsledky
1. Minulý týden se v Praze konal... půllitry s pivem 0
2. Sarah Mullally stanula minulý... o anglikánskou církev 1
3. Minulé pondělí bylo oznámeno p... Simpsonovi ve filmu 0
4. Minulý týden jsme se dozvěděli... Allwyn 1
5. Nejvyšší česká fotbalová liga... FC Viktoria Plzeň, FK Pardubice 1
6. Wikipedii s nejvyšší pravděpod... z havajštiny 0
7. Fanoušci kvízu občas jistě se... D 0
8. Dobrým zdrojem informací jsou... Michal Suchánek, Richard Genzer 0
9. Mnemotechnické pomůcky se hodí... struny na kytaře (pořadí strun/tónů) 0
10. Někdy však k úspěchu v kvízu s... 1C 2A 3B 4D 1